[Event "Hamburg-ch cand"]
[Site "Hamburg"]
[Date "2016.05.22"]
[Round "9"]
[White "Schmuck, Martin"]
[Black "Topuz, Soner Marcel"]
[Result "1/2-1/2"]
[WhiteElo "1931"]
[BlackElo "1940"]
[PlyCount "125"]
[EventDate "2016.05.14"]
[EventType "swiss"]
[EventRounds "9"]
[EventCountry "GER"]
[SourceTitle "EXT 2018"]
[Source "ChessBase"]
[SourceDate "2017.10.13"]
[SourceVersion "1"]
[SourceVersionDate "2017.10.13"]
[SourceQuality "1"]

1. e4 e6 2. d4 d5 3. exd5 exd5 4. Nf3 c6 5. Bf4 Nf6 6. Nbd2 Be7 7. Bd3 0-0 8. 0-0 Bg4 9. c3 Nbd7 10. Qc2 Re8 11. Ne5 Bh5 12. Ndf3 Bf8 13. Ng5 Bg6 14. Nexf7 Bxd3 15. Qxd3 Qe7 16. Ne5 h6 17. Ngf3 Ne4 18. Nxd7 Qxd7 19. Ne5 Qf5 20. Bg3 Bd6 21. Qf3 Qxf3 22. Nxf3 Nxg3 23. hxg3 Re2 24. Rab1 Kf7 25. Rfe1 Rc2 26. Kf1 Re8 27. Rxe8 Kxe8 28. Ke1 Bxg3 29. fxg3 Rxg2 30. Kf1 Rxg3 31. Kf2 Rh3 32. Re1+ Kd7 33. Kg2 Rh5 34. Ne5+ Kd6 35. Re3 Rh4 36. Rg3 g5 37. Rg4 Rh5 38. b3 Ke6 39. Rg3 Rh4 40. Rh3 Rxh3 41. Kxh3 Kf5 42. b4 Kf4 43. a4 h5 44. b5 cxb5 45. axb5 a5 46. Nc6 Kf3 47. Ne5+ Kf2 48. Nd3+ Ke3 49. Nc5 Kf3 50. c4 a4 51. cxd5 a3 52. d6 g4+ 53. Kh2 a2 54. Nb3 Kf2 55. d7 g3+ 56. Kh3 g2 57. d8Q g1Q 58. Qh4+ Ke2 59. Qe4+ Kf2 60. Qf4+ Ke2 61. Qh2+ Qxh2+ 62. Kxh2 Kd3 63. Nc1+ 1/2-1/2

[Event "Hamburg-ch MB"]
[Site "Hamburg"]
[Date "2012.05.29"]
[Round "4"]
[White "Schmuck, Martin"]
[Black "Keuneke, Hanno"]
[Result "1-0"]
[WhiteElo "1941"]
[BlackElo "1773"]
[PlyCount "53"]
[EventDate "2012.05.26"]
[EventType "swiss"]
[EventRounds "9"]
[EventCountry "GER"]
[SourceTitle "CBM 148 Extra"]
[Source "ChessBase"]
[SourceDate "2012.06.22"]
[SourceVersion "1"]
[SourceVersionDate "2012.06.22"]
[SourceQuality "1"]

1. e4 e5 2. Nf3 Nc6 3. Bb5 a6 4. Ba4 Nf6 5. 0-0 Be7 6. c3 Nxe4 7. Re1 d5 8. Nxe5 Qd6 9. Bxc6+ bxc6 10. d4 0-0 11. Nd2 f6 12. Nec4 Qe6 13. f3 Qf7 14. fxe4 dxc4 15. Qe2 c5 16. d5 a5 17. Qxc4 Ba6 18. Qa4 Bd3 19. c4 Bd6 20. Qb3 Qh5 21. Nf3 f5 22. e5 Be4 23. exd6 cxd6 24. Bf4 Rf6 25. Ng5 Rg6 26. Nxe4 fxe4 27. Rxe4 1-0

[Event "Hamburger Liga Aufstieg"]
[Site "Hamburg"]
[Date "2009.08.23"]
[Round "6.13"]
[White "Bahr, Peter"]
[Black "Schmuck, Martin"]
[Result "0-1"]
[WhiteElo "1955"]
[BlackElo "1893"]
[PlyCount "134"]
[EventDate "2009.08.08"]
[EventType "swiss"]
[EventRounds "6"]
[EventCountry "GER"]
[SourceTitle "EXT 2022"]
[Source "ChessBase"]
[SourceDate "2021.10.06"]
[SourceVersion "1"]
[SourceVersionDate "2021.10.06"]
[SourceQuality "1"]

1. d4 Nf6 2. Nf3 e6 3. c4 b6 4. a3 Bb7 5. Nc3 d5 6. Bg5 h6 7. Bxf6 Qxf6 8. Ne5 Bd6 9. Qa4+ Ke7 10. cxd5 exd5 11. Nf3 Re8 12. e3 c6 13. Bd3 Kf8 14. 0-0 Nd7 15. Nxd5 cxd5 16. Qxd7 Re7 17. Qf5 Rc7 18. Rfc1 Rac8 19. Rxc7 Rxc7 20. Qxf6 gxf6 21. Nh4 Bc8 22. f4 Bd7 23. Kf2 b5 24. Ke2 a5 25. Kd2 b4 26. h3 bxa3 27. bxa3 Rb7 28. Bc2 Ke8 29. Nf3 Bb5 30. Kc3 Rc7+ 31. Kb2 Be2 32. Nd2 Rb7+ 33. Ka2 Re7 34. e4 Bxf4 35. Re1 Bb5 36. Nf3 Bc4+ 37. Kb2 Bd6 38. e5 Rb7+ 39. Ka1 Bxa3 40. exf6+ Kd8 41. Rb1 Bb4 42. Kb2 Bd2+ 43. Ka3 Bb4+ 44. Kb2 Rb6 45. Bb3 Bd3 46. Rd1 Be4 47. Ka2 Rxf6 48. Rc1 Rg6 49. Nh4 Rg3 50. Bc2 Bxg2 51. Bf5 Bxh3 52. Rc8+ Ke7 53. Rc2 Kf6 54. Rf2 Bxf5 55. Rxf5+ Kg7 56. Rxd5 Rg5 57. Rd7 Be1 58. Nf3 Rg2+ 59. Kb1 Bc3 60. Ne5 Rf2 61. Nd3 Rd2 62. Nf4 Kf8 63. d5 Ke8 64. Ra7 Be5 65. Ra8+ Ke7 66. Ra7+ Kf6 67. Nh5+ Kg5 0-1